| Поле | Название | Значение |
| |
Тип записи |
a |
| |
Библиографический уровень |
m |
| 001 |
Контрольный номер |
RU\infra-m\znanium\bibl\2244515 |
| 005 |
Дата корректировки |
20260429142102.9 |
| 008 |
Кодируемые данные |
260226s2026 RU g rus u |
| 020 |
Индекс ISBN |
__ |
| a |
ISBN |
978-5-7782-5444-2 |
| 040 |
Источник каталогиз. |
__ |
| a |
Служба первич. каталог. |
Общество с ограниченной ответственностью «ЗНАНИУМ» |
| 041 |
Код языка издания |
__ |
| a |
Код языка текста |
rus |
| 044 |
Код страны публикации |
__ |
| a |
Код страны публикации |
RU |
| 080 |
Индекс УДК |
__ |
| a |
Индекс УДК |
517 |
| 084 |
Индекс другой классификации/Индекс ББК |
__ |
| 2 |
Источник индекса |
rubbk |
| a |
Индекс другой классификации/Индекс ББК |
221 |
| 084 |
Индекс другой классификации/Индекс ББК |
__ |
| 2 |
Источник индекса |
okso |
| a |
Индекс другой классификации/Индекс ББК |
01.03.01 |
| 084 |
Индекс другой классификации/Индекс ББК |
__ |
| 2 |
Источник индекса |
okso |
| a |
Индекс другой классификации/Индекс ББК |
01.03.02 |
| 084 |
Индекс другой классификации/Индекс ББК |
__ |
| 2 |
Источник индекса |
okso |
| a |
Индекс другой классификации/Индекс ББК |
01.05.01 |
| 100 |
Автор |
__ |
| a |
Автор |
Левяков С.В. |
| q |
Полное имя |
Левяков Станислав Вячеславович |
| u |
Дополнение |
Новосибирский государственный технический университет |
| 245 |
Заглавие |
__ |
| a |
Заглавие |
Функциональные ряды : приложение теории рядов к решению задач механики сплошных сред |
| b |
Продолж. заглавия |
Учебное пособие |
| c |
Ответственность |
Новосибирский государственный технический университет; Институт теплофизики им. Кутателадзе Сибирского отделения Российской академии наук |
| 250 |
Сведения об издании |
__ |
| a |
Основные сведения об издании |
1 |
| 260 |
Выходные данные |
__ |
| a |
Место издания |
Новосибирск |
| b |
Издательство |
Новосибирский государственный технический университет (НГТУ) |
| c |
Дата издания |
2025 |
| 300 |
Физическое описание |
__ |
| a |
Объем |
132 с. |
| 520 |
Аннотация |
__ |
| a |
Аннотация |
Настоящее учебное пособие предназначено для студентов инженерно-технических специальностей высших учебных заведений. Оно подготовлено в объеме курса математического анализа который преподается в первых двух семестрах на различных факультетах Новосибирского государственного технического университета. Пособие содержит краткие теоретические сведения по теории рядов и знакомит с методами решения прикладных задач в тех случаях когда не удается построить точное аналитическое решение. Пособие включает в себя следующие основные разделы: передача тепла равновесие нерастяжимых нитей колебания систем с одной степенью свободы изгиб стержней и балок. Каждый раздел содержит краткие теоретические сведения и примеры решения задач. Пособие может быть использовано для проведения практических занятий и консультаций по математическому анализу со студентами первого курса технических специальностей. |
| 521 |
Примеч. о цел. назн. |
__ |
| a |
Примеч. о целев. назн. |
ВО - Бакалавриат |
| 650 |
Тематические рубрики |
__ |
| a |
Основная рубрика |
Физико-математические науки |
| x |
Основная подрубрика |
Математический анализ. Функциональный анализ |
| 655 |
Указ. предметных рубрик (устаревшее) |
__ |
| a |
Жанр/ форма (устаревшее) |
Учебное пособие |
| 700 |
Другие авторы |
__ |
| a |
Другие авторы |
Филатов В.В. |
| q |
Полное имя |
Филатов Владимир Викторович |
| u |
Дополнение |
Новосибирский государственный технический университет |
| 700 |
Другие авторы |
__ |
| a |
Другие авторы |
Деменков А.Г. |
| q |
Полное имя |
Деменков Андрей Геннадьевич |
| u |
Дополнение |
Институт теплофизики им. Кутателадзе Сибирского отделения Российской академии наук |
| 856 |
Электронный адрес документа |
4_ |
| a |
Имя сервера/домена |
znanium.ru |
| m |
Помощь |
ebs_support@infra-m.ru |
| n |
Местонахождение сервера |
НИЦ ИНФРА-М |
| u |
URL |
https://znanium.ru/catalog/document?id=479190 |
| 856 |
Электронный адрес документа |
48 |
| a |
Имя сервера/домена |
znanium.ru |
| d |
Путь |
/cover/2244 |
| f |
Электронное имя |
2244515.jpg |
| q |
Тип электронного формата |
image/jpeg |
| u |
URL |
https://znanium.ru/cover/2244/2244515.jpg |
| 911 |
|
__ |
| u |
|
0030=https://znanium.ru/catalog/document?id=479190 |
| 911 |
|
__ |
| u |
|
712a=Институт теплофизики им. Кутателадзе Сибирского отделения Российской академии наук |